000 00468cam a2200169 a 4500
001 000008606
005 20200929161354.0
008 940706s1990 cu 000 1 spa
040 _aDO-SdBNP
_bspa
_cBNPHU
082 _aCu863.44
_bL732b
100 1 _aLima, Chely,
_d1957-
_923034
245 1 0 _aBrujas /
_cChely Lima.
260 _aLa Habana :
_bLetras Cubanas,
_c1990.
300 _a128 p. ;
_c18 cm.
650 4 _aNovela cubana
_92316
650 4 _aLiteratura cubana
_91483
999 _c8376
_d8376